Közösségi média, mint marketing stratégia a szépségiparban

Bibliográfiai részletek
Szerző: H.Tóth Lili Dorina
További közreműködők: Papp Judit
Dokumentumtípus: Projektmunka
Kulcsszavak:kozmetikai cikkek
közösségi média
marketing
online marketing
szépségipar
Online Access:http://dolgozattar.uni-bge.hu/59749

MARC

LEADER 00000nnm a2200000 i 4500
001 dolg59749
005 20260409145519.0
008 260409suuuu hu o 000 hun d
040 |a BGE Dolgozattár Repozitórium  |b hun 
041 |a hu 
100 1 |a H.Tóth Lili Dorina 
245 1 0 |a Közösségi média, mint marketing stratégia a szépségiparban  |c H.Tóth Lili Dorina  |h [elektronikus dokumentum] 
516 |a Project_work 
520 3 |a A közösségi média a digitális technológia fejlődésének köszönhetően napjainkra a vállalati marketingstratégia egyik legfontosabb eszközévé vált. Különösen a vizuális tartalomra építő iparágak – mint a szépségipar – esetében mutatkozik meg erőteljesen a közösségi platformok szerepe a fogyasztói elérésben és a márkák pozicionálásában. A dolgozat célja, hogy feltárja, milyen módon és hatékonysággal alkalmazzák a kozmetikai márkák a közösségi média adta lehetőségeket, különös tekintettel az influenszer marketingre, valamint a felhasználók által generált tartalmakra, mely erősen kötődik az általam végzett szakmai gyakorlathoz. A kutatás fókuszában a Z és Y generáció vásárlói magatartása áll: mely platformokat használják információszerzésre, mennyire bíznak a közösségi médiában megjelenő véleményekben, és hogyan befolyásolják döntéseiket az influenszerek ajánlásai. A vizsgálat primer kutatáson alapul, mely során online kérdőíves adatgyűjtés történt kényelmi mintavétellel. Az elemzés célja, hogy betekintést nyújtson a jelenlegi trendekbe, és gyakorlati következtetésekkel szolgáljon a szépségipari marketingkommunikáció hatékonyságát illetően. Az eredmények hozzájárulhatnak a közösségi média tudatosabb és célzottabb alkalmazásához ezen a versenyképes piacon. 
695 |a kozmetikai cikkek 
695 |a közösségi média 
695 |a marketing 
695 |a online marketing 
695 |a szépségipar 
700 1 |a Papp Judit  |e ths 
856 4 0 |u http://dolgozattar.uni-bge.hu/59749/1/Projektmunka%20-%20H.%20T%C3%B3th%20Lili.pdf  |z Dokumentum-elérés 
856 4 0 |u http://dolgozattar.uni-bge.hu/59749/2/H.T%C3%93TH%20LILI%20DORINA%20KM%20FOSZK%20b%C3%ADr%C3%A1lati%20lap%20%281%29.pdf  |z Dokumentum-elérés